[Event "European Blitz-ch 2018"]
[Site "Skopje"]
[Date "2018.12.07"]
[Round "14"]
[White "Demidov, Mikhail"]
[Black "Artemiev, Vladislav"]
[Result "1/2-1/2"]
[WhiteElo "2520"]
[BlackElo "2709"]
[PlyCount "115"]
[EventDate "2018.12.06"]
[EventType "swiss"]
[EventCountry "MKD"]

1. d4 Nf6 2. Nf3 g6 3. g3 Bg7 4. Bg2 d5 5. O-O O-O 6. c3 Bf5 7. Nh4 Bg4 8. h3 Be6 9. Nd2 c5 10. dxc5 Qc8 11. Kh2 Qxc5 12. Nb3 Qc8 13. Nf3 Nc6 14. Nfd4 Bd7 15. Nc5 Be8 16. Nxc6 Bxc6 17. Nd3 Rd8 18. Bf4 Bd7 19. Be5 Bf5 20. Bd4 h5 21. h4 Ng4+ 22. Kg1 e5 23. Be3 Nxe3 24. fxe3 Qe6 25. Nf2 Bh6 26. Qb3 Bxe3 27. Rad1 e4 28. Kh2 Qb6 29. Nh3 Qxb3 30. axb3 d4 31. cxd4 Bxd4 32. Ng5 Bxb2 33. Nxe4 Rxd1 34. Rxd1 Re8 35. Nd6 Rd8 36. Rd5 Be6 37. Rd3 b6 38. Nc4 Rxd3 39. exd3 Bc3 40. Bc6 Bf5 41. Nd6 Bxd3 42. Bd5 Kf8 43. Nc8 Bc2 44. Nxa7 Ke7 45. Nc8+ Kf6 46. Nxb6 Bd4 47. Nd7+ Ke7 48. Nb8 Bc5 49. Na6 Bd6 50. Bc4 Be4 51. b4 g5 52. Nc5 Bf3 53. hxg5 h4 54. Bf1 hxg3+ 55. Kh3 Bd5 56. Bg2 Bc4 57. Ne4 Bxb4 58. Kxg3 1/2-1/2

[Event "European Blitz-ch 2018"]
[Site "Skopje"]
[Date "2018.12.07"]
[Round "14"]
[White "Jovanovic, Zoran"]
[Black "Sanal, Vahap"]
[Result "0-1"]
[WhiteElo "2518"]
[BlackElo "2490"]
[PlyCount "66"]
[EventDate "2018.12.06"]
[EventType "swiss"]
[EventCountry "MKD"]

1. e4 e5 2. Nf3 Nc6 3. Bb5 a6 4. Ba4 Nf6 5. O-O Nxe4 6. d4 b5 7. Bb3 d5 8. dxe5 Be6 9. Qe2 Be7 10. Rd1 Nc5 11. c4 Nxb3 12. axb3 b4 13. Nbd2 Qc8 14. cxd5 Bxd5 15. Nc4 Qe6 16. Qd3 Rd8 17. Bf4 O-O 18. Qe2 a5 19. Rdc1 Qg4 20. Bg3 Bxf3 21. Qxf3 Qxf3 22. gxf3 Nd4 23. Rd1 Nxb3 24. Rab1 a4 25. f4 Rxd1+ 26. Rxd1 a3 27. bxa3 bxa3 28. Nxa3 Bxa3 29. Rd3 Rb8 30. f5 Bf8 31. e6 fxe6 32. fxe6 Nc5 33. Re3 Bd6 0-1

[Event "European Blitz-ch 2018"]
[Site "Skopje"]
[Date "2018.12.07"]
[Round "14"]
[White "Potapov, Pavel"]
[Black "Djuric, Stefan"]
[Result "1-0"]
[WhiteElo "2516"]
[BlackElo "2371"]
[PlyCount "115"]
[EventDate "2018.12.06"]
[EventType "swiss"]
[EventCountry "MKD"]

1. e4 e5 2. Nf3 Nc6 3. Bb5 a6 4. Ba4 Nf6 5. O-O Be7 6. d3 d6 7. c3 O-O 8. Nbd2 Nb8 9. Re1 b5 10. Bb3 c5 11. Nf1 Bb7 12. Ng3 Qc7 13. Nf5 Bd8 14. Bg5 Nc6 15. Qd2 Na5 16. Bc2 Ng4 17. h3 Nf6 18. Bh4 Ne8 19. Bxd8 Rxd8 20. Qg5 f6 21. Qg3 d5 22. h4 dxe4 23. dxe4 Nc4 24. Bb3 Kh8 25. Bxc4 bxc4 26. h5 Nd6 27. Nxd6 Qxd6 28. Nh4 Kg8 29. h6 g5 30. Nf5 Qe6 31. Qe3 Rd3 32. Qxc5 Rfd8 33. Qc7 R3d7 34. Qc5 Kf7 35. b3 Bxe4 36. Rxe4 Qxf5 37. Qxc4+ Kg6 38. Ree1 Rd2 39. Rf1 Qd3 40. Qe6 Qd6 41. Qg4 Kxh6 42. Rae1 Kg6 43. Qe4+ Kg7 44. a4 Qd3 45. Qb7+ Rd7 46. Qc6 h5 47. b4 Rd6 48. Qc5 Rd5 49. Qe7+ Kg6 50. Qe8+ Kg7 51. Qxh5 Qxc3 52. Rc1 Qxb4 53. Qe8 Rd7 54. Rc8 Qe7 55. Qh8+ Kg6 56. Rg8+ Kf5 57. Qh3+ Kf4 58. Qf3# 1-0

[Event "European Blitz-ch 2018"]
[Site "Skopje"]
[Date "2018.12.07"]
[Round "14"]
[White "Tilicheev, Viacheslav"]
[Black "Delchev, Aleksander"]
[Result "0-1"]
[WhiteElo "2507"]
[BlackElo "2552"]
[Annotator "TA"]
[PlyCount "80"]
[EventDate "2018.12.06"]
[EventType "swiss"]
[EventCountry "MKD"]

1. d4 d5 2. c4 e6 3. Nf3 Nf6 4. Nc3 c6 5. e3 Nbd7 6. Bd3 dxc4 7. Bxc4 b5 8. Bd3 Bd6 9. O-O O-O 10. Bd2 Bb7 11. Ng5 a6 12. Nce4 Be7 13. Nxf6+ Nxf6 14. Qc2 h6 15. Nh7 Nxh7 16. Bxh7+ Kh8 17. Be4 a5 18. Rfc1 Qb6 19. a4 b4 20. Bf3 Rac8 21. e4 c5 22. d5 c4 23. Re1 Bc5 24. Be3 Rfd8 25. Rad1 Bxe3 26. Rxe3 e5 27. Bg4 Rc5 28. Rf3 f6 29. Bf5 Bc8 30. Bxc8 Rcxc8 31. Rh3 Qd6 32. Qd2 Kg8 33. Rg3 Kh7 34. Qe2 g6 35. h4 h5 36. Rh3 Qd7 37. f3 Qxa4 38. g4 c3 39. f4 cxb2 40. gxh5 Qxd1+ 0-1

[Event "European Blitz-ch 2018"]
[Site "Skopje"]
[Date "2018.12.07"]
[Round "14"]
[White "Damljanovic, Branko"]
[Black "Papakonstantinou, Dimitrios"]
[Result "1-0"]
[WhiteElo "2495"]
[BlackElo "2308"]
[Annotator "TA"]
[PlyCount "64"]
[EventDate "2018.12.06"]
[EventType "swiss"]
[EventCountry "MKD"]

1. Nf3 Nf6 2. c4 g6 3. Nc3 Bg7 4. e4 d6 5. d4 O-O 6. Be2 e5 7. O-O Nc6 8. d5 Ne7 9. a4 Nd7 10. a5 f5 11. Ng5 Nf6 12. f3 c5 13. Kh1 Re8 14. g4 f4 15. Bd2 h6 16. Nh3 Bd7 17. Nf2 g5 18. Qb1 Ng6 19. b4 b6 20. axb6 axb6 21. Rxa8 Qxa8 22. bxc5 bxc5 23. Qa1 Qd8 24. Rb1 h5 25. Qa6 Bf8 26. Qa7 Nh4 27. h3 Qe7 28. Rb7 Rd8 29. Kg1 Qe8 30. Nb5 Ra8 31. Qb6 Ra2 32. Rb8 Qe7 1-0

[Event "European Blitz-ch 2018"]
[Site "Skopje"]
[Date "2018.12.07"]
[Round "14"]
[White "Dvirnyy, Danyyil"]
[Black "Guseinov, Gadir"]
[Result "0-1"]
[WhiteElo "2485"]
[BlackElo "2664"]
[Annotator "TA"]
[PlyCount "110"]
[EventDate "2018.12.06"]
[EventType "swiss"]
[EventCountry "MKD"]

1. Nf3 g6 2. e4 c5 3. d4 cxd4 4. Nxd4 Nc6 5. Nc3 Bg7 6. Be3 Nf6 7. Bc4 O-O 8. Bb3 d5 9. exd5 Na5 10. Nde2 a6 11. O-O b5 12. Qd3 Bf5 13. Qd2 Rc8 14. Rfd1 Nxb3 15. cxb3 b4 16. Na4 Rc2 17. Qe1 Nxd5 18. Nf4 e6 19. Nxd5 exd5 20. Qxb4 Re8 21. Bd4 Qh4 22. g3 Qh3 23. Nc3 Bg4 24. Re1 Rxe1+ 25. Rxe1 Rc1 26. Nxd5 Rxe1+ 27. Qxe1 Bxd4 28. Qe8+ Kg7 29. Nf4 Bxf2+ 30. Kxf2 Qxh2+ 31. Ng2 Qh5 32. Ne3 Be6 33. Qc6 Qh2+ 34. Ng2 h5 35. a4 Kh7 36. b4 Qh1 37. b5 axb5 38. axb5 Qd1 39. Nf4 Qd2+ 40. Kf1 Qd1+ 41. Kf2 Qd2+ 42. Kf3 Bg4+ 43. Ke4 Qd1 44. Ke5 Qd2 45. Kf6 Qxb2+ 46. Kxf7 Qg7+ 47. Ke8 Qg8+ 48. Ke7 Qg7+ 49. Kd8 h4 50. gxh4 Qf8+ 51. Qe8 Qxf4 52. Qe7+ Kh6 53. Qc5 Qb8+ 54. Ke7 Qb7+ 55. Kd8 Qd7# 0-1

[Event "European Blitz-ch 2018"]
[Site "Skopje"]
[Date "2018.12.07"]
[Round "14"]
[White "Kevlishvili, Robby"]
[Black "Brkic, Ante"]
[Result "1-0"]
[WhiteElo "2451"]
[BlackElo "2563"]
[PlyCount "69"]
[EventDate "2018.12.06"]
[EventType "swiss"]
[EventCountry "MKD"]

1. e4 e5 2. Nf3 Nc6 3. Bb5 a6 4. Ba4 Nf6 5. d3 d6 6. c3 Be7 7. O-O O-O 8. Nbd2 Re8 9. Re1 Bf8 10. Nf1 h6 11. Ng3 b5 12. Bc2 d5 13. Qe2 Be6 14. Bd2 Qd7 15. a4 dxe4 16. dxe4 Bc4 17. Qd1 Rad8 18. axb5 axb5 19. b3 Bd3 20. Be3 Ng4 21. b4 Bxc2 22. Qxc2 Nxe3 23. Rxe3 Qc8 24. Rd3 g6 25. Rad1 Rxd3 26. Rxd3 Rd8 27. Nf1 Bd6 28. Ne3 Qa6 29. h4 Ra8 30. Rd2 Qa1+ 31. Kh2 Ne7 32. Ng4 Ra3 33. Rd3 Ra2 34. Qb3 Kg7 35. Nfxe5 1-0

[Event "European Blitz-ch 2018"]
[Site "Skopje"]
[Date "2018.12.07"]
[Round "14"]
[White "Markoja, Boris"]
[Black "Saric, Ivan"]
[Result "0-1"]
[WhiteElo "2430"]
[BlackElo "2695"]
[Annotator "TA"]
[PlyCount "64"]
[EventDate "2018.12.06"]
[EventType "swiss"]
[EventCountry "MKD"]

1. d4 g6 2. c4 Bg7 3. Nc3 Nf6 4. e4 d6 5. Be2 O-O 6. Be3 e5 7. d5 Na6 8. g4 Nc5 9. Bf3 c6 10. g5 Ne8 11. dxc6 Ne6 12. cxb7 Bxb7 13. Qd2 Nd4 14. Bxd4 exd4 15. Nd5 Rc8 16. Rc1 f6 17. Bg4 f5 18. Bf3 Nc7 19. Ne2 fxe4 20. Bxe4 Nxd5 21. cxd5 Rxc1+ 22. Qxc1 d3 23. Nc3 Re8 24. f3 Qb6 25. Kf1 Bxc3 26. bxc3 Qc5 27. Kg2 Bxd5 28. Re1 Bxe4 29. Rxe4 Rxe4 30. fxe4 Qe5 31. Kf3 Qxh2 32. Qd1 Qh5+ 0-1

[Event "European Blitz-ch 2018"]
[Site "Skopje"]
[Date "2018.12.07"]
[Round "14"]
[White "Arsovic, Zoran"]
[Black "Nenezic, Marko"]
[Result "0-1"]
[WhiteElo "2422"]
[BlackElo "2515"]
[Annotator "TA"]
[PlyCount "24"]
[EventDate "2018.12.06"]
[EventType "swiss"]
[EventCountry "MKD"]

1. Nf3 Nf6 2. c4 g6 3. Nc3 Bg7 4. e4 d6 5. d4 O-O 6. Be2 Nbd7 7. O-O e5 8. Be3 Qe7 9. Nd5 Qd8 10. Qc2 Nh5 11. g3 c6 12. Nc3 Qe7 0-1

[Event "European Blitz-ch 2018"]
[Site "Skopje"]
[Date "2018.12.07"]
[Round "14"]
[White "Zavgorodniy, Sergiy"]
[Black "Anton Guijarro, David"]
[Result "1-0"]
[WhiteElo "2420"]
[BlackElo "2642"]
[Annotator "TA"]
[PlyCount "115"]
[EventDate "2018.12.06"]
[EventType "swiss"]
[EventCountry "MKD"]

1. e4 e5 2. Nf3 Nc6 3. d3 Bc5 4. Be2 d6 5. c3 a5 6. a4 Nf6 7. O-O h6 8. Nbd2 O-O 9. Nc4 Re8 10. Qc2 Be6 11. Ne3 d5 12. exd5 Nxd5 13. Nxd5 Qxd5 14. Nd2 Rad8 15. Ne4 Bb6 16. Be3 f5 17. Bxb6 cxb6 18. Nd2 Bf7 19. Rad1 Qc5 20. Rc1 Ne7 21. Bf3 Bd5 22. Rfe1 Ng6 23. g3 Bxf3 24. Nxf3 Qd5 25. Nd2 Qxd3 26. Qb3+ Kh7 27. Rcd1 Rf8 28. Nc4 Qf3 29. Rxd8 Rxd8 30. Qxb6 Qd5 31. Ne3 Qd2 32. Rd1 Qxd1+ 33. Nxd1 Rxd1+ 34. Kg2 Rd2 35. Qe6 e4 36. Kf1 Nh8 37. Qxf5+ Kg8 38. Qe6+ Kh7 39. Qxe4+ Kg8 40. Qxb7 Ng6 41. Qe4 Nf8 42. b4 axb4 43. cxb4 Nd7 44. Qe6+ Kh7 45. Qf5+ Kg8 46. Qe6+ Kh7 47. a5 Nf6 48. a6 Rd1+ 49. Kg2 Ra1 50. b5 h5 51. Qf5+ Kh6 52. Qf4+ Kg6 53. Qe5 Ra2 54. Qe6 Ra5 55. Qb6 Ra2 56. a7 Kh7 57. Qb7 Ng4 58. a8=Q 1-0

[Event "European Blitz-ch 2018"]
[Site "Skopje"]
[Date "2018.12.07"]
[Round "14"]
[White "Pershin, Denis"]
[Black "Stefanova, Antoaneta"]
[Result "0-1"]
[WhiteElo "2400"]
[BlackElo "2486"]
[Annotator "TA"]
[PlyCount "69"]
[EventDate "2018.12.06"]
[EventType "swiss"]
[EventCountry "MKD"]

1. e4 e5 2. Nf3 Nc6 3. Bc4 Bc5 4. b4 Bxb4 5. c3 Bd6 6. d4 Nf6 7. O-O O-O 8. Bg5 h6 9. Bh4 Re8 10. Nbd2 b6 11. a4 Bb7 12. Qb3 Qe7 13. a5 Rab8 14. dxe5 Bxe5 15. axb6 axb6 16. Bd5 g5 17. Bg3 Bxg3 18. fxg3 Qc5+ 19. Kh1 Nxd5 20. exd5 Na5 21. Qc2 Qxd5 22. c4 Qd6 23. Nxg5 Qg6 24. Qxg6+ fxg6 25. Ngf3 Re2 26. c5 Bd5 27. cxb6 cxb6 28. Rfd1 Bc6 29. Kg1 Rbe8 30. Nh4 g5 31. Nhf3 g4 32. Nh4 R8e5 33. Nf1 Nc4 34. Rd4 R5e4 35. Rd3 0-1

[Event "European Blitz-ch 2018"]
[Site "Skopje"]
[Date "2018.12.07"]
[Round "14"]
[White "Saraci, Nderim"]
[Black "Ivic, Velimir"]
[Result "0-1"]
[WhiteElo "2382"]
[BlackElo "2497"]
[Annotator "TA"]
[PlyCount "78"]
[EventDate "2018.12.06"]
[EventType "swiss"]
[EventCountry "MKD"]

1. d4 Nf6 2. c4 g6 3. Nf3 Bg7 4. g3 O-O 5. Bg2 d6 6. O-O c6 7. Nc3 Bf5 8. Bf4 Ne4 9. Nxe4 Bxe4 10. Qd2 Nd7 11. Rfd1 c5 12. dxc5 Nxc5 13. Bh6 Bc6 14. Bxg7 Kxg7 15. b4 Ne4 16. Qd4+ Nf6 17. b5 Bd7 18. a4 Qa5 19. Ng5 Rac8 20. Ne4 Be6 21. c5 dxc5 22. Nxc5 Bg4 23. Nxb7 Qc7 24. Re1 e5 25. Qe3 e4 26. f3 Be6 27. Qxa7 Ra8 28. Qd4 Qxb7 29. fxe4 Rfd8 30. Qe3 Ng4 31. Qc3+ f6 32. e3 Rac8 33. Qa5 Ne5 34. Rad1 Rxd1 35. Rxd1 Bg4 36. Rf1 Be2 37. Rb1 Bd3 38. Rd1 Bxe4 39. Qa6 Bxg2 0-1

[Event "European Blitz-ch 2018"]
[Site "Skopje"]
[Date "2018.12.07"]
[Round "14"]
[White "Zlatanovic, Boroljub"]
[Black "Georgiev, Kiril"]
[Result "1-0"]
[WhiteElo "2376"]
[BlackElo "2595"]
[Annotator "TA"]
[PlyCount "93"]
[EventDate "2018.12.06"]
[EventType "swiss"]
[EventCountry "MKD"]

1. c4 Nf6 2. Nc3 e5 3. g3 c6 4. d4 e4 5. Bg5 Bb4 6. Qb3 Na6 7. e3 O-O 8. c5 Bxc3+ 9. Qxc3 Nc7 10. Bc4 d5 11. cxd6 Qxd6 12. Qa3 Qd8 13. Ne2 h6 14. Bxf6 Qxf6 15. Nc3 Re8 16. Qb3 b5 17. Be2 a5 18. O-O Bf5 19. Rac1 Qd6 20. a3 Rab8 21. Qc2 Rb6 22. Nb1 Nd5 23. Qc5 Qxc5 24. Rxc5 Bd7 25. Rfc1 Kf8 26. Nc3 Nxc3 27. R1xc3 Ke7 28. Rc1 Kd6 29. Bd1 f6 30. Bb3 Be6 31. Bxe6 Rxe6 32. b3 Re7 33. h4 Re6 34. h5 Kd7 35. Kg2 Rd6 36. g4 Rb8 37. Kg3 Re8 38. Kf4 Re7 39. a4 bxa4 40. bxa4 Rd5 41. Rxc6 Ke8 42. Rc8+ Kf7 43. R1c7 Rdd7 44. Rxd7 Rxd7 45. Kxe4 Rb7 46. Rc5 Rb2 47. f3 1-0

[Event "European Blitz-ch 2018"]
[Site "Skopje"]
[Date "2018.12.07"]
[Round "14"]
[White "Petkidis, Anthony"]
[Black "Ivanisevic, Ivan"]
[Result "0-1"]
[WhiteElo "2375"]
[BlackElo "2603"]
[PlyCount "141"]
[EventDate "2018.12.06"]
[EventType "swiss"]
[EventCountry "MKD"]

1. e4 e5 2. Nf3 Nf6 3. Nxe5 d6 4. Nf3 Nxe4 5. d3 Nf6 6. d4 Be7 7. Bd3 O-O 8. h3 Re8 9. O-O Nbd7 10. Nc3 Nf8 11. Ne2 Ne6 12. c3 Bf8 13. Re1 b6 14. Ng3 Bb7 15. Ng5 Nxg5 16. Bxg5 Rxe1+ 17. Qxe1 g6 18. Qe3 Bg7 19. Re1 Qf8 20. Qe7 Qxe7 21. Rxe7 Nd5 22. Re1 h6 23. Bd2 f5 24. h4 h5 25. Ne2 Re8 26. Kf1 Bf6 27. g3 Kg7 28. c4 Ne7 29. Nf4 Kf7 30. Bc3 Bc8 31. Re3 Bd7 32. Be2 a5 33. b3 Nc6 34. Rd3 Nb4 35. Rd2 c5 36. Bf3 Bc6 37. Kg2 Bxf3+ 38. Kxf3 Re4 39. Bxb4 cxb4 40. Ne2 Re8 41. Rd3 Rc8 42. Rd2 Bg7 43. Nf4 Bh6 44. Re2 Bxf4 45. Kxf4 b5 46. cxb5 Rb8 47. Kg5 Rxb5 48. Rc2 Rd5 49. Rc7+ Ke6 50. Kxg6 Rxd4 51. Kxh5 Rd2 52. Kg5 Rxf2 53. h5 Rxa2 54. h6 Rh2 55. h7 d5 56. Kg6 Rh3 57. Kg7 Rxg3+ 58. Kf8 Rh3 59. Kg8 d4 60. Ra7 f4 61. Rxa5 d3 62. Ra2 Ke5 63. Kg7 Ke4 64. Ra1 d2 65. h8=Q Rxh8 66. Kxh8 f3 67. Kg7 Kd3 68. Kf6 Ke2 69. Ke5 d1=Q 70. Rxd1 Kxd1 71. Kd4 0-1

[Event "European Blitz-ch 2018"]
[Site "Skopje"]
[Date "2018.12.07"]
[Round "14"]
[White "Galopoulos, Nikolaos"]
[Black "Eric, Jovana"]
[Result "1-0"]
[WhiteElo "2356"]
[BlackElo "2257"]
[PlyCount "69"]
[EventDate "2018.12.06"]
[EventType "swiss"]
[EventCountry "MKD"]

1. d4 d6 2. e4 Nf6 3. f3 g6 4. c4 c5 5. Ne2 Bg7 6. Nbc3 O-O 7. Be3 Nc6 8. d5 Ne5 9. Ng3 h5 10. Be2 a6 11. O-O Nh7 12. Qd2 h4 13. Nh1 f5 14. exf5 Bxf5 15. Nf2 Qd7 16. Nfe4 h3 17. g4 Bxe4 18. Nxe4 Rf7 19. Qd1 b5 20. b3 Rff8 21. Rb1 bxc4 22. bxc4 Rab8 23. Rb3 Rb4 24. Rxb4 cxb4 25. f4 Nf7 26. g5 Rb8 27. Bg4 Qc7 28. Qd3 Nf8 29. Bxh3 a5 30. Be6 Nxe6 31. dxe6 Nd8 32. Ng3 Nc6 33. Qxg6 Kh8 34. Nf5 Bb2 35. Rf3 1-0

[Event "European Blitz-ch 2018"]
[Site "Skopje"]
[Date "2018.12.07"]
[Round "14"]
[White "Asik, Josip"]
[Black "Kadric, Denis"]
[Result "0-1"]
[WhiteElo "2313"]
[BlackElo "2554"]
[Annotator "TA"]
[PlyCount "58"]
[EventDate "2018.12.06"]
[EventType "swiss"]
[EventCountry "MKD"]

1. e4 d6 2. d4 Nf6 3. Nc3 e5 4. Nf3 Nbd7 5. Bc4 Be7 6. O-O O-O 7. Re1 c6 8. a4 exd4 9. Nxd4 Ne5 10. Be2 Re8 11. f4 Ng6 12. g3 Bf8 13. Bf3 Bh3 14. Be3 Qd7 15. Qd3 Rad8 16. Rad1 h5 17. Bf2 Ng4 18. Nb3 b6 19. Bg2 Bxg2 20. Kxg2 h4 21. h3 Nxf2 22. Kxf2 Qxh3 23. Rh1 Qg4 24. Qf3 hxg3+ 25. Qxg3 Qxf4+ 26. Qxf4 Nxf4 27. Rh4 Ng6 28. Rh3 Be7 29. Rdh1 Bf6 0-1

[Event "European Blitz-ch 2018"]
[Site "Skopje"]
[Date "2018.12.07"]
[Round "14"]
[White "Putka, Verners"]
[Black "Jankovic, Alojzije"]
[Result "0-1"]
[WhiteElo "2307"]
[BlackElo "2557"]
[Annotator "TA"]
[PlyCount "56"]
[EventDate "2018.12.06"]
[EventType "swiss"]
[EventCountry "MKD"]

1. d4 Nf6 2. Nf3 g6 3. g3 c6 4. Bg2 d6 5. O-O b5 6. a4 b4 7. c3 Na6 8. Nbd2 Bg7 9. e4 O-O 10. e5 Nd5 11. c4 Ndc7 12. exd6 exd6 13. Nb3 Ne6 14. h4 h6 15. Re1 Bb7 16. Qc2 Rb8 17. Bd2 Bc8 18. Rad1 Qc7 19. Qd3 c5 20. h5 g5 21. d5 Nd8 22. Bc1 Bd7 23. Nfd2 Bxa4 24. f4 gxf4 25. gxf4 f5 26. Bf3 Nb7 27. Re6 Bd7 28. Rg6 Be8 0-1

[Event "European Blitz-ch 2018"]
[Site "Skopje"]
[Date "2018.12.07"]
[Round "14"]
[White "Robulj, Nenad"]
[Black "Van Foreest, Lucas"]
[Result "1-0"]
[WhiteElo "2286"]
[BlackElo "2500"]
[Annotator "TA"]
[PlyCount "65"]
[EventDate "2018.12.06"]
[EventType "swiss"]
[EventCountry "MKD"]

1. e4 e5 2. Bc4 Nf6 3. d3 Nc6 4. Nf3 Bc5 5. c3 O-O 6. O-O d6 7. h3 a6 8. a4 Ba7 9. Nbd2 Be6 10. Re1 a5 11. Qb3 Qd7 12. Nf1 Bxh3 13. gxh3 Qxh3 14. Qd1 Ng4 15. Ne3 Ne7 16. d4 exd4 17. cxd4 Ng6 18. Bf1 Qh5 19. Nf5 N6e5 20. Bg2 Nxf3+ 21. Qxf3 Bxd4 22. Nxd4 f5 23. exf5 c6 24. Bh3 Nf6 25. Qxh5 Nxh5 26. Bg4 Nf6 27. Bf3 Nd7 28. Bf4 c5 29. Nb5 Rxf5 30. Bg4 Rxf4 31. Bxd7 Raf8 32. Re2 R8f6 33. Re6 1-0

[Event "European Blitz-ch 2018"]
[Site "Skopje"]
[Date "2018.12.07"]
[Round "14"]
[White "Golikov, Daniil"]
[Black "Pezelj, Novak"]
[Result "1-0"]
[WhiteElo "2278"]
[BlackElo "2475"]
[Annotator "TA"]
[PlyCount "71"]
[EventDate "2018.12.06"]
[EventType "swiss"]
[EventCountry "MKD"]

1. c4 e5 2. Nc3 Bc5 3. Nf3 d6 4. e3 Bb6 5. Be2 f5 6. d4 e4 7. Nd2 c6 8. b4 Nf6 9. O-O O-O 10. c5 Bc7 11. cxd6 Qxd6 12. g3 Qxb4 13. Nc4 Qxc3 14. Bd2 Qxa1 15. Qxa1 Nd5 16. Qb2 Nd7 17. Bb4 Nxb4 18. Qxb4 Nf6 19. Nd6 Nd5 20. Bc4 Be6 21. Qc5 Bb6 22. Qa3 Rab8 23. Rc1 Kh8 24. Bxd5 Bxd5 25. Nc4 Bc7 26. Ne5 Rfc8 27. Qxa7 Kg8 28. Nd7 Ra8 29. Qxb7 Bd8 30. Ne5 Rcb8 31. Qd7 Rxa2 32. Nxc6 Bxc6 33. Qe6+ Kf8 34. Qxa2 Bd7 35. Qd5 Ke8 36. Qe5+ 1-0

[Event "European Blitz-ch 2018"]
[Site "Skopje"]
[Date "2018.12.07"]
[Round "15"]
[White "Navara, David"]
[Black "Van Foreest, Jorden"]
[Result "1/2-1/2"]
[WhiteElo "2736"]
[BlackElo "2614"]
[Annotator "TA"]
[PlyCount "79"]
[EventDate "2018.12.06"]
[EventType "swiss"]
[EventCountry "MKD"]

1. e4 e5 2. Nf3 Nc6 3. Bb5 g6 4. c3 d6 5. d4 Bd7 6. O-O Bg7 7. Re1 Nf6 8. Bxc6 Bxc6 9. dxe5 Nxe4 10. exd6 O-O 11. dxc7 Qxc7 12. Be3 Rad8 13. Nd4 Be5 14. h3 Rfe8 15. Nd2 Bh2+ 16. Kh1 Nxd2 17. Qxd2 Be5 18. Qc2 Bd5 19. Rad1 Qc8 20. Kg1 Bf6 21. Nb5 a6 22. Bd4 Rxe1+ 23. Rxe1 Bxd4 24. Nxd4 Bxg2 25. Nf5 Qxf5 26. Qxf5 gxf5 27. Kxg2 Rd2 28. b4 Rxa2 29. Re7 Rc2 30. Rc7 Kg7 31. Kg3 Kf6 32. f3 Kg6 33. Kf4 b5 34. h4 h5 35. Rc6+ f6 36. Ke3 Ra2 37. Kf4 Rc2 38. Ke3 Ra2 39. Kf4 Rc2 40. Ke3 1/2-1/2

[Event "European Blitz-ch 2018"]
[Site "Skopje"]
[Date "2018.12.07"]
[Round "15"]
[White "Cheparinov, Ivan"]
[Black "Dimitrov, Radoslav"]
[Result "0-1"]
[WhiteElo "2709"]
[BlackElo "2534"]
[Annotator "RC"]
[PlyCount "139"]
[EventDate "2018.12.06"]
[EventType "swiss"]
[EventCountry "MKD"]

1. d4 Nf6 2. Nf3 c5 3. d5 b5 4. Bg5 d6 5. Bxf6 exf6 6. e4 a6 7. a4 b4 8. Nbd2 Nd7 9. a5 Be7 10. Be2 O-O 11. O-O Re8 12. Nc4 Rb8 13. Re1 Nf8 14. Nb6 Bb7 15. Bf1 Nd7 16. Nc4 Qc7 17. c3 Bc8 18. Qc2 Nf8 19. Nb6 Nd7 20. Nxc8 Qxc8 21. Bc4 Qb7 22. Qd3 Ra8 23. g3 Bf8 24. h4 h5 25. Kg2 g6 26. Qc2 Bh6 27. Ra4 Reb8 28. Re2 Qc7 29. Ra1 Kg7 30. Qa4 Rc8 31. Rd1 Qb7 32. Qc2 Qc7 33. Ra1 Qb7 34. Ree1 Rc7 35. Qe2 Qc8 36. Ra4 Qb7 37. Rd1 Kh7 38. Raa1 Bg7 39. Qc2 Rcc8 40. Ra4 Kg8 41. Nd2 Ne5 42. Be2 Rab8 43. Nc4 Nxc4 44. Bxc4 Re8 45. Qd3 Ra8 46. Raa1 Reb8 47. Rd2 Qa7 48. Ra4 Bf8 49. Rc2 Bg7 50. Ra1 Qb7 51. Ra4 Qa7 52. cxb4 cxb4 53. Bb3 Rb5 54. Ra1 Rc5 55. Rac1 Rac8 56. Rxc5 Rxc5 57. Rxc5 dxc5 58. d6 Qd7 59. Ba4 Qd8 60. Qxa6 Bf8 61. d7 Be7 62. Qc8 Kg7 63. a6 Qa5 64. Qc6 c4 65. Qb5 Qc7 66. Qd5 b3 67. Bb5 c3 68. Bc4 c2 69. Qxf7+ Kh6 70. Qxe7 0-1

[Event "European Blitz-ch 2018"]
[Site "Skopje"]
[Date "2018.12.07"]
[Round "15"]
[White "Saric, Ivan"]
[Black "Sanal, Vahap"]
[Result "0-1"]
[WhiteElo "2695"]
[BlackElo "2490"]
[Annotator "TA"]
[PlyCount "144"]
[EventDate "2018.12.06"]
[EventType "swiss"]
[EventCountry "MKD"]

1. e4 e5 2. Nf3 Nc6 3. Bc4 Bc5 4. O-O Nf6 5. d3 d6 6. c3 a6 7. a4 h6 8. Re1 O-O 9. h3 Ba7 10. Nbd2 Ne7 11. Nf1 Ng6 12. Ng3 c6 13. Ba2 d5 14. exd5 Nxd5 15. d4 exd4 16. Nxd4 Re8 17. Rxe8+ Qxe8 18. Bxd5 cxd5 19. Be3 Bb8 20. Qd2 Bd7 21. b3 Be5 22. Re1 Qf8 23. Nf3 Bxg3 24. fxg3 Be6 25. Bd4 Bf5 26. g4 Be4 27. Qf2 Nf4 28. Ne5 Ne6 29. Nd7 Qe7 30. Nc5 Nxc5 31. Bxc5 Qe6 32. Bd4 b5 33. Ra1 Qc6 34. Qa2 Re8 35. axb5 Qxb5 36. b4 Re6 37. Qf2 Rg6 38. Qf1 Qc6 39. Ra2 Qe6 40. Rf2 Qd7 41. Qe2 Re6 42. Qd2 Rg6 43. Qf4 Rc6 44. Kh2 f6 45. Qg3 Kh7 46. Qf4 Re6 47. Re2 Qf7 48. c4 g5 49. Qc1 Qc7+ 50. Kg1 dxc4 51. Qc3 Qc6 52. Rf2 Kg6 53. Bc5 Bd3 54. Qd4 Qc7 55. Qc3 Qg3 56. Bd4 Qd6 57. Bc5 Qc7 58. Bd4 Qc6 59. Rf3 Be4 60. Rf2 Bd3 61. Rf3 Qd6 62. Bc5 Qd8 63. Bd4 Rd6 64. Bc5 Rd5 65. Qe1 Re5 66. Qc3 Re4 67. Bf2 Qd6 68. Bc5 Qe5 69. Rxd3 Re1+ 70. Kf2 Qe2+ 71. Kg3 Qxd3+ 72. Qxd3+ cxd3 0-1

[Event "European Blitz-ch 2018"]
[Site "Skopje"]
[Date "2018.12.07"]
[Round "15"]
[White "Demchenko, Anton"]
[Black "Putka, Verners"]
[Result "1-0"]
[WhiteElo "2679"]
[BlackElo "2307"]
[Annotator "TA"]
[PlyCount "81"]
[EventDate "2018.12.06"]
[EventType "swiss"]
[EventCountry "MKD"]

1. e4 e5 2. Nf3 Nf6 3. Nxe5 d6 4. Nf3 Nxe4 5. Qe2 Qe7 6. d3 Nf6 7. Bg5 Nbd7 8. Nc3 Qxe2+ 9. Bxe2 h6 10. Bd2 Nb6 11. O-O-O Be6 12. Nd4 Kd7 13. Nxe6 fxe6 14. Rhe1 Re8 15. Ne4 d5 16. Nxf6+ gxf6 17. Bh5 Re7 18. Re3 Rg8 19. Rg3 Rxg3 20. hxg3 Rh7 21. Rh1 Nc8 22. Bc3 Be7 23. Rh4 Nd6 24. Rg4 e5 25. Rg8 Ke6 26. Bg6 Rf7 27. Bxf7+ Nxf7 28. Bd2 Bc5 29. f3 Bd6 30. g4 e4 31. dxe4 dxe4 32. Re8+ Kd7 33. Rxe4 c5 34. Re1 Bf8 35. Bf4 b5 36. Kd2 a5 37. a4 bxa4 38. Ra1 Kc6 39. Rxa4 Kb5 40. Re4 c4 41. Re6 1-0

[Event "European Blitz-ch 2018"]
[Site "Skopje"]
[Date "2018.12.07"]
[Round "15"]
[White "Guseinov, Gadir"]
[Black "Artemiev, Vladislav"]
[Result "0-1"]
[WhiteElo "2664"]
[BlackElo "2709"]
[Annotator "TA"]
[PlyCount "134"]
[EventDate "2018.12.06"]
[EventType "swiss"]
[EventCountry "MKD"]

1. e4 c5 2. Nc3 a6 3. Nf3 d6 4. d4 cxd4 5. Nxd4 Nf6 6. Be3 Ng4 7. Bc1 Nc6 8. Be2 Qb6 9. Bxg4 Bxg4 10. Qxg4 Qxd4 11. O-O e6 12. Rd1 Qf6 13. Qg3 Qg6 14. Bf4 Qxg3 15. Bxg3 O-O-O 16. Rd2 Be7 17. Rad1 Kc7 18. Ne2 h5 19. h3 h4 20. Bh2 Rh5 21. Nd4 Rc5 22. Nxc6 Kxc6 23. c3 b5 24. f3 a5 25. a3 a4 26. Kf1 Rd7 27. Bg1 Rc4 28. Bh2 g6 29. Rd3 f5 30. exf5 gxf5 31. Ke2 Bf8 32. Kf1 Be7 33. Ke2 Rc5 34. Kf1 e5 35. Ke2 Bd8 36. Bg1 Rc4 37. Bh2 Bc7 38. Kf1 d5 39. Bg1 Rd8 40. Bf2 Rd7 41. R3d2 Bd8 42. Re2 Bf6 43. Red2 Rd8 44. Re2 Rd6 45. Red2 d4 46. f4 e4 47. cxd4 Kd5 48. Be3 Rd7 49. Ke2 Rg7 50. Kf1 Rb7 51. Rb1 b4 52. axb4 Rbxb4 53. Ra1 Rb3 54. Ke2 Bd8 55. Ra2 Ba5 56. Rd1 Rc2+ 57. Kf1 Rxe3 58. Rxa4 Bc7 59. Ra7 Bd6 60. Ra5+ Ke6 61. d5+ Kd7 62. Ra7+ Rc7 63. Ra8 Bxf4 64. Rf8 Rd3 65. Rf7+ Kd6 66. Re1 Rxd5 67. b4 Rxf7 0-1